| 000 | 003560000a22001210004500 | ||
|---|---|---|---|
| 090 |
_aAS _bSeriadas |
||
| 245 | 1 | 0 | _aNueva especie de Microteido (<sauria: Teiidae>) del Oriente de Colombia |
| 041 | 0 | _aEspaƱol | |
| 700 | 1 |
_aHarris, Dennis M. _995516 |
|
| 100 | 1 |
_aAyala, Stephen C. _995518 |
|
| 942 | _cARTICULO | ||
| 773 | 1 |
_tCaldasia _345 _h63 _q467-472 _d1982 _g13 |
|
| 999 |
_c14358 _d14358 |
||